000 00700nam a22002417a 4500
003 UA-OsUOA
001 44233
007 ta
008 20070216b un ||||| |||| 00| 0 ukr d
100 _aРижкова С. А.
090 _a291/299
_bР49
942 _cBK
040 _aUA-OsUOA
_bukr
_cUA-OsUOA
_dUA-OsUOA
245 _aТипологія релігій
_bКурс загального релігієзнавства. Навчальний посібник
300 _a448 с.
955 _a2
041 _aukr
080 _a291/299
020 _a966-7982-69-6
260 _aК.
_bКондор
_c2005
650 7 _a29 Нехристиянські релігії
_2UDC
999 _c330356
_d330356